Bilecik Bilecik Bilecik Bilecik Bilecik

Dünya askeri teknolojiler ansiklopedisi: modern hava sistemleri/ (Record no. 73036)

MARC details
000 -BAŞLIK
Sabit Uzunluktaki Kontrol Alanı 01026nam a22003257a 4500
001 - KONTROL NUMARASI
Control Dosyası 0072282
003 - KONTROL NUMARASI KİMLİĞİ
Kontrol Alanı KOHA_MİRAKIL
005 - EN SON İŞLEM TARİHİ ve ZAMANI
Kontrol Alanı 20260207005048.0
007 - FİZİKSEL TANIM SABİT ALAN - GENEL BİLGİ
Sabit uzunluklu kontrol alanı ta
008 - SABİT UZUNLUKTAKİ VERİ ÖGELERİ - GENEL BİLGİ
Sabit Alan 241125b2018 tu |||gr||||#0|||0|tur |
020 ## - ISBN - ULUSLARARASI STANDART KİTAP NUMARASI
Isbn 9786058190801
040 ## - KATALOGLAMA KAYNAĞI
Özgün Kataloglama Kurumu TR-BiSEU
Kataloglama Dili tur
Çeviri Kurumu TR-BiSEU
Açıklama Kuralları rda
041 0# - DİL KODU
Metin ya da ses kaydının dil kodu tur
044 ## - YAYINLAYAN/ÜRETEN KURULUŞUN ÜLKE KODU
ISO country code tu
050 ## - SINIFLAMA ve YER NUMARASI
Sınıflama Numarası TL670
Yer Numarası .A83 2018
100 1# - KİŞİ ADI
Yazar Adı (Kişi adı) Atalan, Sami.
245 1# - ESER ADI BİLDİRİMİ
Başlık Dünya askeri teknolojiler ansiklopedisi: modern hava sistemleri/
Sorumluluk Bildirimi Sami Atalan ; Sami Atalan.
264 #1 - ÜRERİM, YAYIN, DAĞITIM ve TELİF BİLDİRİMİ
Yayın yeri İstanbul :
Yayınlayan Mildata Prodüksiyon
Yayın tarihi 2018
300 ## - FİZİKSEL TANIMLAMA
Sayfa, Cilt vb. 488 sayfa: resimli; 35 cm.
336 ## - İÇERİK TÜRÜ
Content type term metin
Content type code txt
Source rdacontent
337 ## - MEDYA TÜRÜ
Media type term aracısız
Media type code n
Source rdamedia
338 ## - TAŞIYICI TÜRÜ
Carrier type term cilt
Carrier type code nc
Source rdacarrier
500 ## - GENEL NOT
Genel Not Dizin var.
650 #0 - KONU BAŞLIĞI EK GİRİŞ - KONU TERİMİ
Konusal terim veya coğrafi ad Havacılık, Askeri--Türkiye.
9 (RLIN) 143827
650 #0 - KONU BAŞLIĞI EK GİRİŞ - KONU TERİMİ
Konusal terim veya coğrafi ad Havacılık, Askeri--Ansiklopedi.
9 (RLIN) 143828
650 #0 - KONU BAŞLIĞI EK GİRİŞ - KONU TERİMİ
Konusal terim veya coğrafi ad Aerospace, Military--Turkey.
9 (RLIN) 143829
650 #0 - KONU BAŞLIĞI EK GİRİŞ - KONU TERİMİ
Konusal terim veya coğrafi ad Aviation, Military--Encyclopedia.
9 (RLIN) 143830
907 ## - LOCAL DATA ELEMENT G, LDG (RLIN)
a Teknoloji ve Mühendislik
942 ## - EK GİRİŞ ÖGELERİ (KOHA)
Source of classification or shelving scheme Library of Congress Classification
Koha item type Book
Holdings
Materyal Türü Kalıcı Konum Mevcut Konum Raf Yeri Koleksiyon Kodu Sınıflandırma Kaynağı Edinim Bilgisi Ana Konular Alt Konular Yer Numarası Cilt Bilgisi Demirbaş Numarası Fatura Tarihi Geri Çekilme Durumu Kayıp Durumu Hasarlı Durumu Kredi için değil Kayıt Tarih Toplam Ödünçverme Son Görülme Tarihi Son Kontrol Tarihi Genel / Bağış Notu
Danışma Kaynakları Prof. Dr. Azmi Özcan Kütüphanesi Prof. Dr. Azmi Özcan Kütüphanesi Birûni Salonu Referans Library of Congress Classification Bağış TEKNOLOJİ Motorlu Araçlar, Havacılık, Uzay TL670 .A83 2018 c.2 0072282 02/02/2026       Ödünç verilmez 25/11/2024   17/03/2025 17/03/2025 Genel Bağış